Introducing China: The World's Oldest Great Power Charts its Next Comeback (Record no. 30222)
[ view plain ]
| 000 -LEADER | |
|---|---|
| fixed length control field | 00663nam a2200121Ia 4500 |
| 008 - FIXED-LENGTH DATA ELEMENTS--GENERAL INFORMATION | |
| fixed length control field | 220620s9999||||xx |||||||||||||| ||und|| |
| 100 ## - MAIN ENTRY--PERSONAL NAME | |
| Personal name | Huisken, Ron |
| 245 #0 - TITLE STATEMENT | |
| Title | Introducing China: The World's Oldest Great Power Charts its Next Comeback |
| 546 ## - LANGUAGE NOTE | |
| Language note | English[eng] |
| 650 ## - SUBJECT ADDED ENTRY--TOPICAL TERM | |
| Topical term or geographic name entry element | politics and government||21st century||economic conditions||foreign relations||china||Beijing||History of China||Soviet Union||Taiwan||United States |
| 856 ## - ELECTRONIC LOCATION AND ACCESS | |
| Uniform Resource Identifier | <a href="https://library.oapen.org/bitstream/20.500.12657/33711/1/459297.pdf||https://library.oapen.org/bitstream/20.500.12657/33711/1/459297.pdf||https://library.oapen.org/bitstream/20.500.12657/33711/1/459297.pdf">https://library.oapen.org/bitstream/20.500.12657/33711/1/459297.pdf||https://library.oapen.org/bitstream/20.500.12657/33711/1/459297.pdf||https://library.oapen.org/bitstream/20.500.12657/33711/1/459297.pdf</a> |
| 942 ## - ADDED ENTRY ELEMENTS (KOHA) | |
| Koha item type | E-Books |
| Withdrawn status | Lost status | Damaged status | Not for loan | Home library | Current library | Date acquired | Total Checkouts | Date last seen | Price effective from | Koha item type |
|---|---|---|---|---|---|---|---|---|---|---|
| Kerala University of Digital Sciences, Innovation and Technology Knowledge Centre | Kerala University of Digital Sciences, Innovation and Technology Knowledge Centre | 20/06/2022 | 20/06/2022 | 20/06/2022 | E-Books |